000 01171nam a2200253Ia 4500
008 0000002005 sp ad 0000000000mul00
090 _aPSP00 B76b
245 1 0 _aBroto
_b: principio
_c/ texto Broto ; traducción Lorraine Kerslake ; fotografías Pepe Moreno
300 _a39 p.
_c/ 27 cm.
500 _aExposición realizada en Galería Soledad Lorenzo, febrero 18 marzo 12, 2005 \ Incluye cronología del artista \ Texto bilingue: español inglés \ Proyecto Ganador Programa Apoyos Concertados FGAA 2010
501 _aUn principlio = A principle / J.M. Broto
505 _aOBRAS : Sabina Fundación Cima Y Escudos Egos Savia Albia Músicas Historia XG Heraldo Tucán
600 0 0 _aBROTO, JOSE MANUEL, 1949/
_xTRABAJOS PICTORICOS
650 1 4 _aARTE CONTEMPORANEO ESPAÑOL
650 1 4 _aARTISTAS PLASTICOS ESPAÑOLES EXPOSIONES
650 1 4 _xCATALOGOS
650 1 4 _aDIBUJOS ESPAÑOLES
650 1 4 _xEXPOSICIONES
650 1 4 _aPINTORES ESPAÑOLES
650 1 4 _aPINTURA ACRILICA (ARTE)
650 1 4 _aPINTURA ESPAÑOLA
700 1 _aKerslake, Lorraine \ Moreno, Pepe
999 _c12005
_d12005
260 _aMadrid : Galería Soledad Lorenzo
_c2005